Praktické příklady programování mikropočítače TEMS 51-V

Salvato in:
Dettagli Bibliografici
Natura: Libro
Lingua:ceco
Pubblicazione: Praha : TESLA ELTOS, 1989
Edizione:1.vyd.
Soggetti:
Tags: Aggiungi Tag
Nessun Tag, puoi essere il primo ad aggiungerne!!

MARC

LEADER 00000nam a22000003a 4500
001 stu35781
005 20150408175949.2
008 920512s1989----cs------------------cze-d
020 |a 80-1702-008-7 
040 |a STU  |b slo 
041 0 |a cze 
044 |a cs 
080 |a 519.68 
080 |a 681.31 
245 |a Praktické příklady programování mikropočítače TEMS 51-V 
250 |a 1.vyd. 
260 |a Praha :  |b TESLA ELTOS,  |c 1989 
300 |a 284 s 
650 7 |a mikropočítače  |2 stusub 
650 7 |a programovanie  |2 stusub 
996 |b 284M021394  |c M*8010-1  |l MMKN  |s A  |a 24  |w stu35781_0001